[Event "Manila"]
[Site "Manila"]
[Date "1974.??.??"]
[Round "3"]
[White "Gheorghiu, Florin"]
[Black "Andersson, Ulf"]
[Result "1-0"]
[WhiteElo "2540"]
[BlackElo "2580"]

1.d4 Nf6 2.c4 c5 3.d5 d6 4.Nc3 g6 5.e4 Bg7 6.Bd3 O-O 7.h3 e6 8.Nf3 exd5 9.exd5 Re8+
10.Be3 Bh6 11.O-O Bxe3 12.fxe3 Qe7 13.e4 Nbd7 14.Rf2 Rf8 15.Qd2 Ne8 16.Raf1 a6
17.a3 Ra7 18.Bc2 f6 19.b4 b6 20.Ba4 Ng7 21.Bc6 Rc7 22.Na4 Nh5 23.Bxd7 Bxd7
24.Nxb6 Ng3 25.Re1 Be8 26.e5 fxe5 27.Nxe5 Qg7 28.Rxf8+ Qxf8 29.Ng4 Nh5 30.Qe3 Ng7
31.bxc5 dxc5 32.Qe5 Rb7 33.Nh6+ Kh8 34.Rf1  1-0

[Event "Manila"]
[Site "Manila"]
[Date "1974.??.??"]
[Round "5"]
[White "Kavalek, Lubomir"]
[Black "Naranja, Renato"]
[Result "1-0"]
[WhiteElo "2625"]
[BlackElo "2395"]

1.e4 c5 2.Nf3 e6 3.d4 cxd4 4.Nxd4 Nf6 5.Nc3 d6 6.Be2 Be7 7.O-O O-O 8.f4 Nc6
9.Be3 Bd7 10.Nb3 a5 11.a4 e5 12.Kh1 Nb4 13.Bf3 Bc6 14.fxe5 dxe5 15.Qe2 Qc7
16.Qf2 Bd8 17.Bc5 Re8 18.Nb5 Qb8 19.Ba7 Qc8 20.Nd6 Qc7 21.Nxe8 Bxe8 22.Bc5 b6
23.Bxb4 axb4 24.Nc1 Rxa4 25.Nd3 Be7 26.Qd2 Qd6 27.Qe3 h6 28.Rfd1 Qc7 29.Qd2 Rxa1
30.Rxa1 Qd6 31.Qf2 Bb5 32.Rd1 Qc7 33.Qd2 Bxd3  1-0

[Event "Manila"]
[Site "Manila"]
[Date "1974.??.??"]
[Round "8"]
[White "Pfleger, Helmut"]
[Black "Larsen, Bent"]
[Result "1-0"]
[WhiteElo "2535"]
[BlackElo "2630"]

1.c4 g6 2.Nc3 Bg7 3.g3 Nc6 4.Bg2 d6 5.Nf3 e5 6.d3 f5 7.O-O Nf6 8.Rb1 h6 9.b4 g5
10.b5 Ne7 11.a4 Nd7 12.Ne1 Nc5 13.e3 O-O 14.d4 exd4 15.exd4 Ne6 16.Nc2 f4
17.Re1 Kh8 18.Nd5 Nf5 19.Bb2 Bd7 20.Qd3 c6 21.bxc6 bxc6 22.Ndb4 g4 23.Nxc6 Bxc6
24.Bxc6 Ng5 25.Bg2 Rb8 26.Bc3 Rxb1 27.Rxb1 Qf6 28.gxf4 Nh4 29.d5 Qxf4 30.Bxg7+ Kxg7
31.Qd4+ Kg6 32.Qxf4 Rxf4 33.Ne3 Rd4 34.Rb8 Rd2 35.Rd8 Ra2 36.Rxd6+ Kh5 37.Kf1 Ra1+
38.Ke2 Ra2+ 39.Kd3 Rxf2 40.Be4 Rd2+ 41.Kxd2 Nxe4+ 42.Kd3 Nxd6 43.c5 Nf7 44.c6 Kg5
45.c7 Nd6 46.Kd4 Kf6 47.Nxg4+ Ke7 48.Ne5 Nhf5+ 49.Kc5 h5 50.a5 Kf6 51.Nc6 Nc8
52.a6 h4 53.h3 Ng7 54.Nd4 Ne8 55.Kc6 Ne7+ 56.Kd7 Nxc7 57.Kxc7 Nxd5+ 58.Kb7 Ke5
59.Nf3+ Kf4 60.Nxh4 Kg3 61.Ng2  1-0

[Event "Manila"]
[Site "Manila"]
[Date "1974.??.??"]
[Round "9"]
[White "Portisch, Lajos"]
[Black "Vasiukov, Evgeni"]
[Result "0-1"]
[WhiteElo "2645"]
[BlackElo "2560"]

1.d4 Nf6 2.c4 c5 3.d5 b5 4.cxb5 a6 5.bxa6 Bxa6 6.Nc3 d6 7.Nf3 Nbd7 8.e4 Bxf1
9.Kxf1 g6 10.h3 Bg7 11.Kg1 O-O 12.Kh2 Qa5 13.Re1 Rfb8 14.Re2 Rb4 15.Kg1 Ne8
16.a3 Rb7 17.Rc2 Rab8 18.Qe2 Ne5 19.Nxe5 Bxe5 20.Bh6 Nc7 21.Rac1 Rb3 22.f4 Bd4+
23.Kh2 Qa6 24.Qg4 Qc8 25.Qe2 Qa6 26.Qg4 Ne8 27.Re1 Qd3 28.Qe2 Qxe2 29.Rexe2 f6
30.h4 Nc7 31.Nd1 Kf7 32.g3 f5 33.e5 Nxd5 34.exd6 exd6 35.Bg5 Re8 36.Rxe8 Kxe8
37.Rd2 Kd7 38.h5 gxh5 39.Kh3 Kc6 40.Kh4 Rf3 41.a4 Nb6 42.Nc3 Nc4 43.Re2 Nxb2
44.Nb5 Nxa4 45.Nxd4+ cxd4 46.Rd2 d3 47.Kxh5 Rxg3 48.Bh4 Rh3  0-1

[Event "Manila"]
[Site "Manila"]
[Date "1974.??.??"]
[Round "9"]
[White "Quinteros, Miguel A"]
[Black "Cardoso, Radolfo Tan"]
[Result "1-0"]
[WhiteElo "2495"]
[BlackElo "2385"]

1.d4 Nf6 2.c4 e6 3.Nc3 Bb4 4.Qc2 c5 5.dxc5 Nc6 6.Nf3 Bxc5 7.Bf4 d6 8.e3 e5
9.Bg5 h6 10.Bxf6 Qxf6 11.a3 a5 12.Bd3 O-O 13.O-O Qd8 14.Bf5 Bxf5 15.Qxf5 Ne7
16.Qc2 Qd7 17.Rfd1 Qe6 18.Nd5 Nxd5 19.Rxd5 Rfc8 20.Qd1 a4 21.Rc1 f5 22.Ne1 e4
23.Nc2 Qg6 24.Nd4 Rf8 25.Ne2 Qe8 26.Rc2 b5 27.cxb5 Rc8 28.Rcd2 g5 29.b4 axb3
30.Qxb3 Kh7 31.g3 f4 32.Nd4 Qf7 33.Nf5 fxe3 34.fxe3 g4 35.Kg2 Rce8 36.Qd1 h5
37.Rxc5 dxc5 38.Rd7 Re5 39.Rxf7+ Rxf7 40.Nd6 Rd7 41.b6 Rd8  1-0

[Event "Manila"]
[Site "Manila"]
[Date "1974.??.??"]
[Round "11"]
[White "Andersson, Ulf"]
[Black "Vasiukov, Evgeni"]
[Result "1/2-1/2"]
[WhiteElo "2580"]
[BlackElo "2560"]

1.c4 e5 2.Nc3 Nf6 3.Nf3 Nc6 4.g3 d5 5.cxd5 Nxd5 6.d3 Be7 7.Bg2 O-O 8.O-O Be6
9.Bd2 Qd7 10.a3 f6 11.Rc1 Rf7 12.b4 a6 13.Na4 Rd8 14.Nc5 Bxc5 15.Rxc5 g5
16.Qb1 Rg7 17.Rfc1 Kh8 18.a4 g4 19.b5 axb5 20.axb5 Na7 21.Nxe5 fxe5 22.Qa1 b6
23.Bxd5 bxc5 24.Bxe6 Qxe6 25.Qxa7 Qb6 26.Qa1 Re8 27.Qa4 Rg6 28.Be3 c6 29.Rxc5 cxb5
30.Rxb5 Qa6 31.Ra5 Qc6 32.Qa1 Rge6 33.d4 Qe4 34.Rb5 Ra8 35.Qb2 Rea6 36.Rb8+ Rxb8
37.Qxb8+ Kg7 38.Qxe5+ Qxe5 39.dxe5 Ra1+ 40.Kg2 Re1 41.h3 h5 42.hxg4  1/2-1/2